[Event "62. Campeonato de Armenia Femenino 2008"]
[Site "Yerevan ARM"]
[Date "2008.01.14"]
[Round "1.1"]
[White "Gasparian, Mariana"]
[Black "Aghabekian, Liana"]
[Result "0-1"]
[WhiteElo "2070"]
[BlackElo "2191"]
[PlyCount "112"]
[EventDate "2008.01.14"]
[EventType "tourn"]
[EventRounds "9"]
[EventCountry "ARM"]
[Source "lmi"]
[SourceDate "2008.01.14"]

1. e4 e5 2. Nf3 Nc6 3. Bc4 Nf6 4. d3 Be7 5. c3 O-O 6. O-O d6 7. Bb3 Na5 8. Bc2
c5 9. h3 h6 10. Nbd2 Re8 11. Re1 Bf8 12. Nf1 g6 13. d4 Qc7 14. Ne3 Be6 15. d5
Bd7 16. Nh2 h5 17. g4 hxg4 18. hxg4 b5 19. Qf3 Nh7 20. Kg2 Bh6 21. Qh3 Bf4 22.
Nf3 f6 23. Rh1 Re7 24. Bd2 Rg7 25. Rag1 Kf7 26. Kf1 Rag8 27. Ng2 Bxd2 28. Nxd2
Qc8 29. Ne3 Ng5 30. Qg3 Rh8 31. f4 exf4 32. Qxf4 Nb7 33. Nf3 Nxf3 34. Qxf3 Ke7
35. Qg3 Rgh7 36. Rxh7+ Rxh7 37. g5 Qh8 38. Ke1 Rh3 39. Qf2 fxg5 40. Rxg5 Qf6
41. Rg3 Qxf2+ 42. Kxf2 Rxg3 43. Kxg3 Kf6 44. Ng2 Nd8 45. Nf4 Nf7 46. Nxg6 Kxg6
47. e5+ Bf5 48. e6 Nh6 49. Bd1 Kf6 50. Kf4 Bb1 51. a4 bxa4 52. Bxa4 Ba2 53. Bc6
Nf5 54. Ke4 Bb3 55. Bb7 Ne7 56. Ba8 Nc8 0-1

[Event "62. Campeonato de Armenia Femenino 2008"]
[Site "Yerevan ARM"]
[Date "2008.01.14"]
[Round "1.2"]
[White "Gasparian, Narine"]
[Black "Galojan, Lilit"]
[Result "1-0"]
[WhiteElo "2172"]
[BlackElo "2307"]
[PlyCount "54"]
[EventDate "2008.01.14"]
[EventType "tourn"]
[EventRounds "9"]
[EventCountry "ARM"]
[Source "lmi"]
[SourceDate "2008.01.14"]

1. d4 Nf6 2. c4 e6 3. Nf3 b6 4. g3 Ba6 5. b3 Bb4+ 6. Bd2 Be7 7. Bg2 c6 8. Bc3
d5 9. Nbd2 Nbd7 10. O-O O-O 11. Rc1 Rc8 12. Re1 c5 13. cxd5 Nxd5 14. Bb2 b5 15.
e4 Nb4 16. Nf1 c4 17. Re3 Nd3 18. Rxd3 cxd3 19. Rxc8 Qxc8 20. Qxd3 b4 21. Qd2
Rd8 22. Ne3 Bb7 23. d5 Nb6 24. Qd4 Bf8 25. Ng4 f6 26. Nxf6+ gxf6 27. Qxf6 Qc7
1-0

[Event "62. Campeonato de Armenia Femenino 2008"]
[Site "Yerevan ARM"]
[Date "2008.01.14"]
[Round "1.3"]
[White "Kharatyan, Anahit"]
[Black "Aginian, Nelly"]
[Result "0-1"]
[WhiteElo "2115"]
[BlackElo "2308"]
[PlyCount "94"]
[EventDate "2008.01.14"]
[EventType "tourn"]
[EventRounds "9"]
[EventCountry "ARM"]
[Source "lmi"]
[SourceDate "2008.01.14"]

1. e4 e6 2. d3 d5 3. Nd2 Nf6 4. Ngf3 Nc6 5. g3 dxe4 6. dxe4 Bc5 7. Bg2 e5 8.
O-O O-O 9. Qe2 b6 10. c3 a5 11. Nc4 Ba6 12. b3 Qe7 13. Bh3 Rfd8 14. Nh4 b5 15.
Nf5 Qf8 16. Nce3 b4 17. c4 Nd4 18. Nxd4 Bxd4 19. Bb2 Nxe4 20. Bg2 Bb7 21. Nd5
Bxb2 22. Qxb2 Bxd5 23. cxd5 Nc3 24. Rfe1 Qd6 25. Rac1 f6 26. Rxc3 bxc3 27. Qxc3
a4 28. Rc1 axb3 29. axb3 Ra7 30. Be4 g6 31. Qe3 Ra6 32. Bd3 Ra3 33. Bc4 Kg7 34.
Qf3 Rda8 35. Qc3 Qb6 36. Bd3 R8a7 37. Bc4 Ra2 38. Qe3 Qxe3 39. fxe3 f5 40. h4
e4 41. Kf1 Kf6 42. Rd1 Ra1 43. Ke2 R7a2+ 44. Rd2 Rxd2+ 45. Kxd2 Rg1 46. Kc3 Ke5
47. Kb4 Kd6 0-1

[Event "62. Campeonato de Armenia Femenino 2008"]
[Site "Yerevan ARM"]
[Date "2008.01.14"]
[Round "1.4"]
[White "Karapetyan, Lusine"]
[Black "Andriasian, Siranush"]
[Result "0-1"]
[WhiteElo "1957"]
[BlackElo "2228"]
[PlyCount "121"]
[EventDate "2008.01.14"]
[EventType "tourn"]
[EventRounds "9"]
[EventCountry "ARM"]
[Source "lmi"]
[SourceDate "2008.01.14"]

1. e4 c5 2. Nf3 e6 3. d3 Nc6 4. g3 d6 5. Bg2 Nf6 6. O-O Be7 7. c3 O-O 8. Re1 d5
9. e5 Nd7 10. h4 f6 11. exf6 Nxf6 12. c4 Ng4 13. Nc3 d4 14. Ne4 e5 15. Bg5 Bxg5
16. hxg5 Qe8 17. Nxc5 Qh5 18. Ne4 Rxf3 19. Qxf3 Be6 20. Bh1 Qh2+ 21. Kf1 Rf8
22. Qg2 Ne3+ 23. Rxe3 Bh3 24. Qxh3 Qxh3+ 25. Bg2 Qg4 26. Re2 Ne7 27. Ke1 Qe6
28. Kd2 Qb6 29. Kc2 a5 30. Rh1 Nc6 31. Kb1 Nb4 32. g6 Qxg6 33. Nc5 h6 34. a3
Na6 35. Bd5+ Kh8 36. Be4 Qg4 37. f3 Rxf3 38. Nxa6 bxa6 39. Bxf3 Qxf3 40. Rhe1
Qxd3+ 41. Ka1 Qxc4 42. Rxe5 Kh7 43. R5e4 Qd5 44. Rf4 Qg5 45. Rxd4 Qxg3 46. Ree4
h5 47. Rd5 g6 48. Rxa5 Qf2 49. Ka2 Qf7+ 50. Ka1 Qf6 51. Rae5 h4 52. Re6 Qf1+
53. Ka2 g5 54. Ra4 h3 55. Raxa6 Qf7 56. Ka1 h2 57. Rh6+ Kg7 58. Rxh2 Qf1+ 59.
Ka2 Qxa6 60. b3 g4 61. a4 0-1

[Event "62. Campeonato de Armenia Femenino 2008"]
[Site "Yerevan ARM"]
[Date "2008.01.14"]
[Round "1.5"]
[White "Movsisian, Naira"]
[Black "Martirosyan, Lia"]
[Result "1/2-1/2"]
[WhiteElo "2152"]
[BlackElo "2111"]
[PlyCount "94"]
[EventDate "2008.01.14"]
[EventType "tourn"]
[EventRounds "9"]
[EventCountry "ARM"]
[Source "lmi"]
[SourceDate "2008.01.14"]

1. d4 Nf6 2. Nf3 e6 3. Bg5 d5 4. Nbd2 Be7 5. Bxf6 Bxf6 6. e4 dxe4 7. Nxe4 Be7
8. Bd3 Nd7 9. Qe2 c5 10. O-O-O cxd4 11. Nxd4 Qa5 12. Nb3 Qc7 13. Qg4 O-O 14.
Qe2 Ne5 15. Kb1 Nxd3 16. Rxd3 Bd7 17. Rc3 Qb6 18. h4 Rac8 19. Rg3 e5 20. Nc3
Be6 21. Qxe5 f6 22. Qe3 Bb4 23. Qxb6 axb6 24. Nd4 Bd7 25. Nce2 Rfe8 26. a3 Bc5
27. Rd1 Re4 28. h5 Kf7 29. Nb3 Bg4 30. f3 Bxf3 31. gxf3 Rxe2 32. Nxc5 Rxc5 33.
Rd7+ Ke8 34. Rxb7 Rcxc2 35. Rxb6 Rc7 36. Ka2 Rh2 37. Rb8+ Kd7 38. h6 Rxh6 39.
b4 Rh2+ 40. Kb3 h5 41. b5 g5 42. b6 Rc1 43. b7 Rb1+ 44. Kc3 Rhb2 45. Rg1 Rb3+
46. Kc4 R1b2 47. Rg2 Rb1 1/2-1/2

[Event "62. Campeonato de Armenia Femenino 2008"]
[Site "Yerevan ARM"]
[Date "2008.01.15"]
[Round "2.1"]
[White "Gasparian, Mariana"]
[Black "Gasparian, Narine"]
[Result "1-0"]
[WhiteElo "2070"]
[BlackElo "2172"]
[PlyCount "71"]
[EventDate "2008.01.14"]
[EventType "tourn"]
[EventRounds "9"]
[EventCountry "ARM"]
[Source "lmi"]
[SourceDate "2008.01.14"]

1. e4 c5 2. Nf3 d6 3. c3 Nf6 4. Bd3 Nc6 5. h3 g6 6. O-O Bg7 7. Bc2 O-O 8. d4
cxd4 9. cxd4 Qa5 10. Nc3 Bd7 11. Be3 Rac8 12. a3 Rfe8 13. Nd2 Qd8 14. f4 e5 15.
Nf3 exf4 16. Bxf4 Nh5 17. Bh2 Qb6 18. Ne2 Qxb2 19. Rb1 Qxa3 20. Rxb7 Nb8 21.
Bb3 Be6 22. Ng5 Bxb3 23. Rxb3 Qa6 24. Nxf7 Rc6 25. e5 dxe5 26. Nxe5 Rce6 27.
Nc3 Nc6 28. Nb5 Nxe5 29. Nc7 Qc4 30. Nxe6 Qxe6 31. Bxe5 Bxe5 32. dxe5 Qxe5 33.
Qf3 Qc5+ 34. Kh1 Qe5 35. g4 Ng7 36. Qf7+ 1-0

[Event "62. Campeonato de Armenia Femenino 2008"]
[Site "Yerevan ARM"]
[Date "2008.01.15"]
[Round "2.2"]
[White "Galojan, Lilit"]
[Black "Kharatyan, Anahit"]
[Result "1-0"]
[WhiteElo "2307"]
[BlackElo "2115"]
[PlyCount "79"]
[EventDate "2008.01.14"]
[EventType "tourn"]
[EventRounds "9"]
[EventCountry "ARM"]
[Source "lmi"]
[SourceDate "2008.01.14"]

1. d4 c5 2. d5 e5 3. e4 d6 4. Nc3 Be7 5. Bb5+ Nd7 6. a4 a6 7. Bd3 Ngf6 8. Nf3
Nf8 9. Nd2 b6 10. O-O Ng6 11. Nc4 h5 12. Be2 Rb8 13. b3 Bd7 14. Ne3 Qc8 15. Nf5
Kf8 16. Nxe7 Kxe7 17. f4 exf4 18. Bxf4 Nxf4 19. Rxf4 Ng4 20. Qf1 f6 21. Bxa6
Qe8 22. Bb5 Rh6 23. Bxd7 Qxd7 24. a5 Rg6 25. Qe2 b5 26. h3 Ne5 27. Kh2 b4 28.
Nd1 Rh6 29. Ne3 Rhh8 30. Rff1 Kf7 31. a6 Ra8 32. Ra5 Ng6 33. Nf5 Rhe8 34. Qxh5
Rxe4 35. Qh7 Rg8 36. Nh6+ Ke7 37. Qxg6 gxh6 38. Qxe4+ Kf7 39. a7 f5 40. a8=Q
1-0

[Event "62. Campeonato de Armenia Femenino 2008"]
[Site "Yerevan ARM"]
[Date "2008.01.15"]
[Round "2.3"]
[White "Aginian, Nelly"]
[Black "Karapetyan, Lusine"]
[Result "0-1"]
[WhiteElo "2308"]
[BlackElo "1957"]
[PlyCount "138"]
[EventDate "2008.01.14"]
[EventType "tourn"]
[EventRounds "9"]
[EventCountry "ARM"]
[Source "lmi"]
[SourceDate "2008.01.14"]

1. e4 d5 2. exd5 Nf6 3. d4 Bg4 4. Bb5+ Nbd7 5. f3 Bf5 6. c4 a6 7. Bxd7+ Qxd7 8.
Nc3 e6 9. g4 Bg6 10. dxe6 Qxe6+ 11. Qe2 O-O-O 12. Qxe6+ fxe6 13. Be3 Bb4 14.
O-O-O e5 15. Nge2 e4 16. Nxe4 Nxg4 17. fxg4 Rhe8 18. N2g3 Bxe4 19. Rhf1 Bg2 20.
Rf2 Bh3 21. Bg5 Bxg4 22. Bxd8 Bxd1 23. Kxd1 Kxd8 24. Rf7 Re7 25. Rf8+ Re8 26.
Rf5 g6 27. Rf7 Re7 28. Rf8+ Kd7 29. Rb8 b6 30. Rh8 Bd6 31. Kd2 Bf4+ 32. Kd1 Bd6
33. Kd2 Bf4+ 34. Kd1 h5 35. Rg8 Bxg3 36. hxg3 Re4 37. Rg7+ Kc8 38. Rxg6 Rxd4+
39. Ke2 Rxc4 40. Kd2 Kd7 41. Rg5 Rc5 42. Rg6 Rc6 43. Rg7+ Kc8 44. g4 hxg4 45.
Rxg4 Kb7 46. Rg5 Rc5 47. Rg6 b5 48. Rg4 Kb6 49. Rh4 Rc4 50. Rh6+ c6 51. Kd3 Ra4
52. a3 Rc4 53. Rh8 Ka5 54. Kd2 Ka4 55. Rh3 Rg4 56. Kc2 a5 57. Rh2 c5 58. Rf2 c4
59. Rh2 Rg3 60. Rf2 c3 61. bxc3 Kxa3 62. Rh2 b4 63. c4 b3+ 64. Kd2 b2 65. Kc2
Ka2 66. Rh1 Rb3 67. c5 b1=Q+ 68. Rxb1 Rxb1 69. c6 Rb6 0-1

[Event "62. Campeonato de Armenia Femenino 2008"]
[Site "Yerevan ARM"]
[Date "2008.01.15"]
[Round "2.4"]
[White "Andriasian, Siranush"]
[Black "Movsisian, Naira"]
[Result "1-0"]
[WhiteElo "2228"]
[BlackElo "2152"]
[PlyCount "53"]
[EventDate "2008.01.14"]
[EventType "tourn"]
[EventRounds "9"]
[EventCountry "ARM"]
[Source "lmi"]
[SourceDate "2008.01.14"]

1. e4 e6 2. d4 d5 3. Nc3 Nf6 4. Bg5 Be7 5. e5 Nfd7 6. h4 a6 7. Qg4 Bxg5 8. hxg5
Nf8 9. Bd3 Bd7 10. Nge2 c5 11. dxc5 Qc7 12. O-O-O Qxc5 13. g6 fxg6 14. Nf4 Nc6
15. Nxg6 Nxg6 16. Bxg6+ Kd8 17. Rxh7 Rxh7 18. Bxh7 Qxf2 19. Qxg7 Qe3+ 20. Kb1
Nxe5 21. Qf8+ Kc7 22. Qxa8 Bc8 23. a4 Nc4 24. Bd3 Nb6 25. Qa7 d4 26. a5 Nd7 27.
Bxa6 1-0

[Event "62. Campeonato de Armenia Femenino 2008"]
[Site "Yerevan ARM"]
[Date "2008.01.15"]
[Round "2.5"]
[White "Aghabekian, Liana"]
[Black "Martirosyan, Lia"]
[Result "1/2-1/2"]
[WhiteElo "2191"]
[BlackElo "2111"]
[PlyCount "100"]
[EventDate "2008.01.14"]
[EventType "tourn"]
[EventRounds "9"]
[EventCountry "ARM"]
[Source "lmi"]
[SourceDate "2008.01.14"]

1. e4 c6 2. d4 d5 3. e5 Bf5 4. Nd2 Qb6 5. Nb3 e6 6. Nf3 Nd7 7. a4 a5 8. Be2 Ne7
9. O-O Bg6 10. Bd2 Nc8 11. Be3 Be7 12. Ne1 Qc7 13. Nd3 Ncb6 14. Nd2 c5 15. Nxc5
Nxc5 16. dxc5 Bxc5 17. Bb5+ Ke7 18. Bg5+ Kf8 19. Nf3 Kg8 20. Bf4 Nc8 21. Rc1
Ne7 22. c3 Nf5 23. Nd4 Qb6 24. Nxf5 Bxf5 25. Bd3 Bxd3 26. Qxd3 h6 27. Bg3 Be7
28. Rfd1 g6 29. c4 Rd8 30. Qc2 dxc4 31. Qxc4 Kg7 32. Bh4 g5 33. Bg3 Rxd1+ 34.
Rxd1 Rd8 35. Rxd8 Qxd8 36. h4 Qd1+ 37. Kh2 gxh4 38. Bf4 Bg5 39. f3 Qd5 40. Qc1
Kg6 41. Qc2+ Kg7 42. Qc1 Kg6 43. Qc2+ Kh5 44. Bxg5 Kxg5 45. Qc1+ Kf5 46. Qxh6
Qxe5+ 47. Kh1 Qe1+ 48. Kh2 Qg3+ 49. Kh1 Qe1+ 50. Kh2 Qg3+ 1/2-1/2

[Event "62. Campeonato de Armenia Femenino 2008"]
[Site "Yerevan ARM"]
[Date "2008.01.16"]
[Round "3.1"]
[White "Gasparian, Narine"]
[Black "Aghabekian, Liana"]
[Result "1-0"]
[WhiteElo "2172"]
[BlackElo "2191"]
[PlyCount "63"]
[EventDate "2008.01.14"]
[EventType "tourn"]
[EventRounds "9"]
[EventCountry "ARM"]
[Source "lmi"]
[SourceDate "2008.01.14"]

1. d4 Nf6 2. c4 g6 3. Nf3 Bg7 4. g3 O-O 5. Bg2 d6 6. O-O c6 7. Nc3 Qb6 8. h3
Qa6 9. Nd2 Be6 10. Qb3 Nbd7 11. e4 Nb6 12. d5 cxd5 13. cxd5 Bd7 14. a4 Rfc8 15.
Re1 Nh5 16. Qb4 Qd3 17. a5 Rxc3 18. bxc3 Bxc3 19. Qb3 Qd4 20. Ra2 Na4 21. Nf3
Qc5 22. Be3 Qxa5 23. Rc1 Bg7 24. Qxb7 Qd8 25. Bxa7 Nc3 26. Bb6 Rb8 27. Bxd8
Rxb7 28. Rac2 Nxe4 29. Bxe7 Bf6 30. Rc8+ Be8 31. Rxe8+ Kg7 32. Bf8+ 1-0

[Event "62. Campeonato de Armenia Femenino 2008"]
[Site "Yerevan ARM"]
[Date "2008.01.16"]
[Round "3.2"]
[White "Kharatyan, Anahit"]
[Black "Gasparian, Mariana"]
[Result "1-0"]
[WhiteElo "2115"]
[BlackElo "2070"]
[PlyCount "55"]
[EventDate "2008.01.14"]
[EventType "tourn"]
[EventRounds "9"]
[EventCountry "ARM"]
[Source "lmi"]
[SourceDate "2008.01.14"]

1. e4 c6 2. d4 d5 3. e5 Bf5 4. Nf3 e6 5. Be2 Ne7 6. O-O Bg6 7. b3 Nf5 8. c4 Nd7
9. Nc3 Be7 10. c5 b6 11. b4 a5 12. b5 bxc5 13. bxc6 Nb8 14. dxc5 Bxc5 15. Na4
Be7 16. g4 Nh4 17. Nxh4 Bxh4 18. Ba3 Na6 19. c7 Nxc7 20. Nb6 Be7 21. Nxa8 Qxa8
22. Qa4+ Kf8 23. Rac1 Ne8 24. Bxe7+ Kxe7 25. Qa3+ Kd8 26. Rc5 a4 27. Rfc1 f6
28. Rc7 1-0

[Event "62. Campeonato de Armenia Femenino 2008"]
[Site "Yerevan ARM"]
[Date "2008.01.16"]
[Round "3.3"]
[White "Karapetyan, Lusine"]
[Black "Galojan, Lilit"]
[Result "1/2-1/2"]
[WhiteElo "1957"]
[BlackElo "2307"]
[PlyCount "113"]
[EventDate "2008.01.14"]
[EventType "tourn"]
[EventRounds "9"]
[EventCountry "ARM"]
[Source "lmi"]
[SourceDate "2008.01.14"]

1. e4 c5 2. Nf3 Nc6 3. c3 Nf6 4. e5 Nd5 5. d4 cxd4 6. Bc4 Nb6 7. Bb3 d5 8. exd6
e6 9. cxd4 Bxd6 10. Nc3 O-O 11. O-O Nd5 12. Bc2 Nxc3 13. Qd3 g6 14. bxc3 e5 15.
d5 Na5 16. Bh6 Re8 17. Ng5 Bf5 18. Qf3 Qd7 19. Be4 f6 20. Ne6 Bxe4 21. Qxe4
Rac8 22. Qh4 Qf7 23. Bg7 Rxe6 24. dxe6 Qxg7 25. Qa4 b6 26. Rfd1 Nc4 27. Rab1
Qe7 28. Rb5 Qxe6 29. Qxa7 Qe7 30. Qa6 Rc7 31. Rbd5 Kg7 32. a4 Nb2 33. Rxd6 Nxd1
34. Rxd1 Rd7 35. Rxd7 Qxd7 36. h3 Qc7 37. c4 Qc5 38. Qb7+ Kh6 39. Qa6 Qb4 40.
Kh2 e4 41. Qb5 Qd6+ 42. Kg1 Qd1+ 43. Kh2 Qd4 44. Qd5 Qxf2 45. Qxe4 f5 46. Qf3
Qd4 47. Qc6 Qf4+ 48. Kg1 Qe3+ 49. Kh2 f4 50. Kh1 Kg5 51. Qd5+ Kf6 52. Qd6+ Kg5
53. Qd5+ Kf6 54. Qd6+ Kf5 55. Qd5+ Kf6 56. Qd6+ Kf5 57. Qd5+ 1/2-1/2

[Event "62. Campeonato de Armenia Femenino 2008"]
[Site "Yerevan ARM"]
[Date "2008.01.16"]
[Round "3.4"]
[White "Movsisian, Naira"]
[Black "Aginian, Nelly"]
[Result "1/2-1/2"]
[WhiteElo "2152"]
[BlackElo "2308"]
[PlyCount "86"]
[EventDate "2008.01.14"]
[EventType "tourn"]
[EventRounds "9"]
[EventCountry "ARM"]
[Source "lmi"]
[SourceDate "2008.01.14"]

1. d4 d5 2. Bg5 c6 3. e3 Qb6 4. Qc1 Bf5 5. Nf3 Nd7 6. Nbd2 Ngf6 7. Be2 h6 8.
Bf4 e6 9. Ne5 c5 10. c3 Rc8 11. a4 a6 12. a5 Qd8 13. O-O Be7 14. Qd1 Nxe5 15.
Bxe5 O-O 16. Qb3 Qd7 17. dxc5 Rxc5 18. Bd4 Rcc8 19. c4 Ne4 20. Nxe4 Bxe4 21. f3
dxc4 22. Bxc4 Bd5 23. Bxd5 Qxd5 24. Qxd5 exd5 25. Rac1 f6 26. Rfd1 Kf7 27. Kf2
Ke6 28. h4 Rc6 29. Rxc6+ bxc6 30. Rc1 Kd7 31. Kg3 h5 32. Kf2 Rc8 33. g4 c5 34.
Bc3 hxg4 35. fxg4 Ke6 36. Rd1 Rb8 37. Kf3 Rb5 38. h5 Bd8 39. g5 Rb7 40. h6 gxh6
41. gxh6 Rh7 42. Rh1 Be7 43. e4 d4 1/2-1/2

[Event "62. Campeonato de Armenia Femenino 2008"]
[Site "Yerevan ARM"]
[Date "2008.01.16"]
[Round "3.5"]
[White "Martirosyan, Lia"]
[Black "Andriasian, Siranush"]
[Result "1/2-1/2"]
[WhiteElo "2111"]
[BlackElo "2228"]
[PlyCount "73"]
[EventDate "2008.01.14"]
[EventType "tourn"]
[EventRounds "9"]
[EventCountry "ARM"]
[Source "lmi"]
[SourceDate "2008.01.14"]

1. d4 Nf6 2. c4 e6 3. Nf3 c5 4. d5 b5 5. cxb5 Nxd5 6. e4 Nb6 7. a4 a5 8. e5 Be7
9. Bd3 Bb7 10. Nc3 f5 11. Qe2 O-O 12. O-O Bxf3 13. Qxf3 d5 14. exd6 Bxd6 15.
Qh5 N8d7 16. Bg5 Qc7 17. f4 c4 18. Bc2 Nc5 19. Rad1 Rf7 20. Qf3 Re8 21. Qc6
Qxc6 22. bxc6 Be7 23. Bxe7 Rfxe7 24. Nb5 Nd5 25. Rfe1 Nb4 26. c7 Nca6 27. Bxf5
Nxc7 28. Nxc7 Rxc7 29. Rxe6 Rf8 30. Re5 g6 31. Be6+ Kg7 32. Rxa5 Rxf4 33. Rb5
Nc2 34. Bh3 Nd4 35. Rd5 Ne2+ 36. Kh1 c3 37. bxc3 1/2-1/2

[Event "62. Campeonato de Armenia Femenino 2008"]
[Site "Yerevan ARM"]
[Date "2008.01.17"]
[Round "4.1"]
[White "Aghabekian, Liana"]
[Black "Andriasian, Siranush"]
[Result "0-1"]
[WhiteElo "2191"]
[BlackElo "2228"]
[PlyCount "64"]
[EventDate "2008.01.14"]
[EventType "tourn"]
[EventRounds "9"]
[EventCountry "ARM"]
[Source "lmi"]
[SourceDate "2008.01.14"]

1. e4 e5 2. Nf3 Nc6 3. Bb5 a6 4. Ba4 Nf6 5. d4 exd4 6. O-O Be7 7. Re1 O-O 8. e5
Nd5 9. Nxd4 Nb6 10. Bb3 Nxd4 11. Qxd4 d6 12. exd6 Bxd6 13. Bf4 Bxf4 14. Qxf4 a5
15. Nc3 Bd7 16. a4 Nc8 17. Nd5 c6 18. Nc3 Ne7 19. Rad1 Ng6 20. Qf3 Qc7 21. Ne4
Rae8 22. Ng5 Ne5 23. Qf4 Bg4 24. Bxf7+ Rxf7 25. Qxg4 h6 26. Rxe5 Qxe5 27. Nf3
Qe4 28. Qh5 Qxc2 29. Rf1 Qxb2 30. Qxa5 b6 31. Qh5 Rfe7 32. h3 Qb4 0-1

[Event "62. Campeonato de Armenia Femenino 2008"]
[Site "Yerevan ARM"]
[Date "2008.01.17"]
[Round "4.2"]
[White "Aginian, Nelly"]
[Black "Martirosyan, Lia"]
[Result "1-0"]
[WhiteElo "2308"]
[BlackElo "2111"]
[PlyCount "67"]
[EventDate "2008.01.14"]
[EventType "tourn"]
[EventRounds "9"]
[EventCountry "ARM"]
[Source "lmi"]
[SourceDate "2008.01.14"]

1. e4 c6 2. d4 d5 3. Nc3 dxe4 4. Nxe4 Nf6 5. Nxf6+ gxf6 6. c3 Bf5 7. Ne2 e6 8.
Ng3 Bg6 9. h4 Bd6 10. h5 Bf5 11. Nxf5 exf5 12. Rh3 f4 13. Qg4 Qe7+ 14. Be2 Nd7
15. Bxf4 O-O-O 16. Re3 Qf8 17. g3 Kb8 18. O-O-O Ka8 19. Re1 Nb6 20. Bxd6 Qxd6
21. Bf3 Nc4 22. R3e2 a5 23. Qf5 h6 24. Qc2 Nb6 25. Qb3 Nd5 26. Bxd5 Qxd5 27.
Qxd5 Rxd5 28. Re8+ Rxe8 29. Rxe8+ Ka7 30. g4 Rg5 31. f3 Kb6 32. Kd2 a4 33. Re7
f5 34. Re5 1-0

[Event "62. Campeonato de Armenia Femenino 2008"]
[Site "Yerevan ARM"]
[Date "2008.01.17"]
[Round "4.3"]
[White "Galojan, Lilit"]
[Black "Movsisian, Naira"]
[Result "1-0"]
[WhiteElo "2307"]
[BlackElo "2152"]
[PlyCount "115"]
[EventDate "2008.01.14"]
[EventType "tourn"]
[EventRounds "9"]
[EventCountry "ARM"]
[Source "lmi"]
[SourceDate "2008.01.14"]

1. d4 Nf6 2. c4 g6 3. Nc3 Bg7 4. e4 d6 5. f3 Nc6 6. Be3 O-O 7. Qd2 a6 8. Nge2
Re8 9. a3 Rb8 10. b4 b5 11. cxb5 axb5 12. d5 Ne5 13. Nd4 Bd7 14. Ncxb5 e6 15.
dxe6 Bxe6 16. Rc1 c6 17. Rxc6 Nxe4 18. fxe4 Nxc6 19. Nxc6 Qh4+ 20. g3 Qxe4 21.
Bg2 Qb1+ 22. Kf2 Qf5+ 23. Bf3 Rxb5 24. g4 Qf6 25. Kg2 Qb2 26. Qxb2 Bxb2 27. a4
Rb7 28. Rb1 Bg7 29. Bf2 d5 30. a5 Ra8 31. b5 Bc3 32. a6 Rxa6 33. bxa6 Rxb1 34.
a7 Ra1 35. Ne7+ Kg7 36. Nxd5 Bxd5 37. Bxd5 f6 38. a8=Q Rxa8 39. Bxa8 Bb2 40.
Be3 Be5 41. h3 Bc3 42. Bd5 Be5 43. Be6 h6 44. Kf3 Bc3 45. Bd7 Be5 46. Be8 f5
47. Bd2 Bf6 48. Ke2 Be7 49. Kd3 Bd8 50. Kd4 Bf6+ 51. Kd5 Bh4 52. Ke6 Bf2 53.
Bc3+ Kh7 54. Bxg6+ Kxg6 55. gxf5+ Kh5 56. Bf6 Bc5 57. Be7 Bd4 58. f6 1-0

[Event "62. Campeonato de Armenia Femenino 2008"]
[Site "Yerevan ARM"]
[Date "2008.01.17"]
[Round "4.4"]
[White "Gasparian, Mariana"]
[Black "Karapetyan, Lusine"]
[Result "1-0"]
[WhiteElo "2070"]
[BlackElo "1957"]
[PlyCount "41"]
[EventDate "2008.01.14"]
[EventType "tourn"]
[EventRounds "9"]
[EventCountry "ARM"]
[Source "lmi"]
[SourceDate "2008.01.14"]

1. e4 d5 2. exd5 Nf6 3. d4 Bg4 4. f3 Bf5 5. Bb5+ Nbd7 6. c4 a6 7. Ba4 b5 8.
cxb5 Nxd5 9. Nc3 axb5 10. Bxb5 Nb4 11. Ne4 Ra5 12. Bc4 Nf6 13. Ne2 Nxe4 14.
fxe4 Bxe4 15. O-O e6 16. Bd2 Ra8 17. Qb3 Nc2 18. Bb5+ c6 19. Qxc2 Qd5 20. Bd3
Bxg2 21. Nf4 1-0

[Event "62. Campeonato de Armenia Femenino 2008"]
[Site "Yerevan ARM"]
[Date "2008.01.17"]
[Round "4.5"]
[White "Gasparian, Narine"]
[Black "Kharatyan, Anahit"]
[Result "0-1"]
[WhiteElo "2172"]
[BlackElo "2115"]
[PlyCount "82"]
[EventDate "2008.01.14"]
[EventType "tourn"]
[EventRounds "9"]
[EventCountry "ARM"]
[Source "lmi"]
[SourceDate "2008.01.14"]

1. d4 f5 2. c4 Nf6 3. Nf3 e6 4. g3 d5 5. Bg2 c6 6. Qc2 Bd6 7. Bf4 O-O 8. Nbd2
Ne4 9. Bxd6 Qxd6 10. O-O b6 11. Ne5 Bb7 12. Ndf3 Na6 13. Rad1 Rac8 14. Qa4 Rfd8
15. Nd3 Qe7 16. a3 c5 17. cxd5 c4 18. Nb4 Nxb4 19. Qxb4 Qxb4 20. axb4 Rxd5 21.
Ra1 a6 22. Rfd1 Rb5 23. Ng5 Rxb4 24. Nxe6 Rxb2 25. d5 Nd6 26. Nd4 b5 27. Nc6
Rxe2 28. Bf3 Ree8 29. g4 c3 30. Rdc1 fxg4 31. Bxg4 Bxc6 32. dxc6 Rxc6 33. Bd7
Rec8 34. Be6+ Kf8 35. Bxc8 Nxc8 36. Ra3 b4 37. Ra4 b3 38. Rf4+ Ke7 39. Re1+ Re6
40. Rc1 b2 41. Rf1 c2 0-1

[Event "62. Campeonato de Armenia Femenino 2008"]
[Site "Yerevan ARM"]
[Date "2008.01.18"]
[Round "5.1"]
[White "Kharatyan, Anahit"]
[Black "Aghabekian, Liana"]
[Result "1/2-1/2"]
[WhiteElo "2115"]
[BlackElo "2191"]
[PlyCount "127"]
[EventDate "2008.01.14"]
[EventType "tourn"]
[EventRounds "9"]
[EventCountry "ARM"]
[Source "lmi"]
[SourceDate "2008.01.14"]

1. e4 e5 2. Nf3 Nc6 3. Bc4 Nf6 4. d3 Be7 5. c3 O-O 6. b4 d6 7. O-O h6 8. h3 Be6
9. Bb3 Qd7 10. Nbd2 Rfe8 11. Re1 Bf8 12. Nf1 g6 13. Ng3 Bg7 14. a4 Rad8 15. a5
a6 16. Ba4 Qe7 17. d4 Bd7 18. Qb3 exd4 19. cxd4 Nh7 20. Bb2 Ng5 21. Nxg5 Qxg5
22. Rad1 h5 23. f4 Qh4 24. Kh2 Re7 25. Rf1 Rde8 26. Qa3 Rxe4 27. Nxe4 Rxe4 28.
Qg3 Qe7 29. Rde1 d5 30. Bc3 Nxd4 31. Bxd4 Bxd4 32. Bxd7 Qxd7 33. Qd3 Rxe1 34.
Rxe1 Bf6 35. Qe3 Qd6 36. Rb1 c6 37. g3 h4 38. Rb3 hxg3+ 39. Kxg3 Kg7 40. Kg2
Qd7 41. Qd3 Qd6 42. Qe3 Bd8 43. Qd4+ Qf6 44. Qd2 Bc7 45. Rf3 Bd6 46. Rf2 Bb8
47. Qe3 Bd6 48. Qd2 Kg8 49. Rf3 Qe7 50. Re3 Qd7 51. Qe1 Kf8 52. Qh4 Kg7 53. Qf2
Bxb4 54. f5 Be7 55. fxg6 fxg6 56. Rf3 Qe6 57. Qb2+ Kg8 58. Qxb7 Qe2+ 59. Rf2
Qe4+ 60. Rf3 Qe2+ 61. Rf2 Qe4+ 62. Rf3 Qe2+ 63. Rf2 Qe4+ 64. Rf3 1/2-1/2

[Event "62. Campeonato de Armenia Femenino 2008"]
[Site "Yerevan ARM"]
[Date "2008.01.18"]
[Round "5.2"]
[White "Karapetyan, Lusine"]
[Black "Gasparian, Narine"]
[Result "0-1"]
[WhiteElo "1957"]
[BlackElo "2172"]
[PlyCount "86"]
[EventDate "2008.01.14"]
[EventType "tourn"]
[EventRounds "9"]
[EventCountry "ARM"]
[Source "lmi"]
[SourceDate "2008.01.14"]

1. e4 c5 2. Nc3 d6 3. f4 Nc6 4. Nf3 g6 5. Bc4 Bg7 6. O-O Nf6 7. d3 O-O 8. h3
Na5 9. Bb3 Nxb3 10. axb3 b6 11. Be3 d5 12. e5 d4 13. exf6 Bxf6 14. Bd2 dxc3 15.
Bxc3 Bxc3 16. bxc3 Bb7 17. f5 Qd5 18. fxg6 fxg6 19. Qd2 Qd6 20. Qe3 a5 21. Ra4
Bxf3 22. Rxf3 Rxf3 23. Qxf3 Rf8 24. Qe2 Rf7 25. Re4 b5 26. c4 a4 27. cxb5 a3
28. Ra4 c4 29. bxc4 Qd4+ 30. Kh2 Qf4+ 31. g3 Qd4 32. Kg2 Qb2 33. b6 a2 34. Ra8+
Kg7 35. d4 a1=Q 36. Rxa1 Qxa1 37. b7 Qb1 38. Qe5+ Kh6 39. Qe3+ g5 40. h4 Qf1+
41. Kh2 Rf2+ 42. Qxf2 Qxf2+ 43. Kh3 Qf5+ 0-1